दिल से मैंने दुनिया देखी (Record no. 31408)

MARC details
000 -LEADER
fixed length control field 00358nam a22001337a 4500
003 - CONTROL NUMBER IDENTIFIER
control field SGT
020 ## - INTERNATIONAL STANDARD BOOK NUMBER
International Standard Book Number 9789381054024
082 ## - DEWEY DECIMAL CLASSIFICATION NUMBER
Classification number 891.4309
Item number D17H
100 ## - MAIN ENTRY--PERSONAL NAME
Personal name हरिवंश
245 ## - TITLE STATEMENT
Title दिल से मैंने दुनिया देखी
260 ## - PUBLICATION, DISTRIBUTION, ETC. (IMPRINT)
Name of publisher, distributor, etc नीलकमल प्रकाशन
Year of Publication 2017
300 ## - PAGE DESCRIPTION
No. of Pages 169
942 ## - ADDED ENTRY ELEMENTS (KOHA)
Source of classification or shelving scheme Dewey Decimal Classification
Koha item type Books
Holdings
Withdrawn status Lost status Source of classification or shelving scheme Damaged status Not for loan Home library Current library Shelving location Date acquired SGTU Total Checkouts Full call number Accession No. (Barcode) Date last seen Bill Date Koha item type
    Dewey Decimal Classification   Not For Loan SGT Chancellor's Library SGT Chancellor's Library Reference Book 14/06/2025 SGTU   891.4309 D17H CH3286 14/06/2025 14/06/2025 Books
    Dewey Decimal Classification   Not For Loan SGT Chancellor's Library SGT Chancellor's Library Reference Book 14/06/2025 SGTU   891.4309 D17H CH3287 14/06/2025 14/06/2025 Books